Monitoring Mosta SNP cez Dunaj v Bratislave

Enregistré dans:
Détails bibliographiques
Auteur principal: Hradňanský, Jakub (Auteur)
Autres auteurs: Kyrinovič, Peter (Directeur de thèse)
Format: Manuscrit Livre
Langue:slovaque
Publié: 2024
Sujets:
Accès en ligne:http://is.stuba.sk/zp/portal_zp.pl?podrobnosti=167839
https://opac.crzp.sk/?fn=detailBiblioForm&sid=E866CA411CD4E51496B78469BB2C
Tags: Ajouter un tag
Pas de tags, Soyez le premier à ajouter un tag!

MARC

LEADER 00000ntm a22000003a 4500
001 stuzp98814
003 SK-STU
005 20240920105335.8
007 ta
008 150427s2015----xo-----f-mn---000-0-slo-d
040 |a STU  |b slo 
041 0 |a slo 
100 1 |a Hradňanský, Jakub  |u 010140  |4 aut  |U SvF Stavebná fakulta  |T SvF Katedra geodézie  |X 103966  |U V140  |Y 14  |7 103966 
242 0 1 |a Monitoring of the SNP Bridge over the Danube in Bratislava  |y eng 
245 1 0 |a Monitoring Mosta SNP cez Dunaj v Bratislave 
260 |c 2024 
650 4 |a odrazový hranol  |2 slo 
650 4 |a UMS  |2 slo 
650 4 |a posun  |2 slo 
650 4 |a pozorovaný bod  |2 slo 
650 4 |a vzťažný bod  |2 slo 
650 4 |a UMS  |2 eng 
650 4 |a translation  |2 eng 
650 4 |a reference point  |2 eng 
650 4 |a reflective prism  |2 eng 
650 4 |a observed point  |2 eng 
700 1 |a Kyrinovič, Peter  |u 010140  |k Z1  |4 ths  |U SvF Stavebná fakulta  |T SvF Katedra geodézie  |X 2924  |U V140  |Y 14  |7 A000002924 
856 4 |u http://is.stuba.sk/zp/portal_zp.pl?podrobnosti=167839 
856 4 |u https://opac.crzp.sk/?fn=detailBiblioForm&sid=E866CA411CD4E51496B78469BB2C